| 000 | 00613nam a2200205 i 4500 | ||
|---|---|---|---|
| 001 | 31060 | ||
| 003 | ES-MaACL | ||
| 005 | 20230906154313.0 | ||
| 007 | t| | ||
| 008 | 030128s1918 it ||||1| ita d | ||
| 100 | 1 |
_aBellorini, Egidio. _927271 |
|
| 245 | 1 | 3 |
_aLa vita e le opera di Giuseppe Parini / _cEgidio Bellorini. |
| 260 |
_aLivorno : _bRaffaello Giusti, _c1918. |
||
| 300 | _a1 v. | ||
| 490 | 1 |
_aBiblioteca degli studenti ; _v400 |
|
| 600 | 1 | 4 |
_aParini, Giuseppe ( _d1729-1799) _9130856 |
| 830 | 0 |
_aBiblioteca degli studenti ; _v400 _9229358 |
|
| 852 |
_aES-MaACL _j1552-F-2 |
||
| 999 |
_c31060 _d31060 |
||